| 000 | 00751nam a2200217Ia 4500 | ||
|---|---|---|---|
| 008 | 161108s9999 xx 000 0 und d | ||
| 020 | _a9788433997647 | ||
| 100 | _aPiglia, Ricardo, 1941- | ||
| 245 |
_aEl camino de Ida / _c Ricardo Piglia |
||
| 250 | _aSegunda edición | ||
| 300 |
_a289 páginas ; _c 22 cm |
||
| 490 | _aNarrativas hispánicas | ||
| 650 | _aLiteratura Argentina / Novela Argentina / Autores Argentinos / Vida Cotidiana - Novela / Placer - Novela / Intriga - Novela / Asesinato - Novela | ||
| 264 |
_aBarcelona : _b Anagrama |
||
| 336 |
_atexto _btxt _2rdacontent |
||
| 337 |
_asin mediación _bn _2rdamedia |
||
| 338 |
_avolumen _bnc _2rdacarrier |
||
| 040 |
_aCO-BoRNBP _bspa _erda _cCO-BoRNBP |
||
| 084 | _aN PIG1 | ||
| 942 | _2loc | ||
| 999 |
_c7499 _d7499 |
||